<?xml version="1.0" encoding="UTF-8"?>
<collection xmlns="http://www.loc.gov/MARC21/slim">
  <record>
    <leader>00000nam  2200000   4500</leader>
    <controlfield tag="001">INLIS000000000046940</controlfield>
    <controlfield tag="005">20240130123104</controlfield>
    <datafield tag="035" ind1="#" ind2="#">
      <subfield code="a">0010-061500000000029</subfield>
    </datafield>
    <controlfield tag="008">240130###########################0######</controlfield>
    <datafield tag="020" ind1="#" ind2="#">
      <subfield code="a">979-462-863-8</subfield>
    </datafield>
    <datafield tag="082" ind1="#" ind2="#">
      <subfield code="a">410.07</subfield>
    </datafield>
    <datafield tag="100" ind1="#" ind2="#">
      <subfield code="a">Sutopo</subfield>
    </datafield>
    <datafield tag="245" ind1="1" ind2="#">
      <subfield code="a">Bahasa dan sastra indonesia untuk SMP/ MTs kelas VIII /</subfield>
      <subfield code="c">Maryati</subfield>
    </datafield>
    <datafield tag="260" ind1="#" ind2="#">
      <subfield code="a">Jakarta :</subfield>
      <subfield code="b">Pusat Perbukuan,</subfield>
      <subfield code="c">2008</subfield>
    </datafield>
    <datafield tag="300" ind1="#" ind2="#">
      <subfield code="a">xii,115 Hlm :</subfield>
      <subfield code="b">ilus. ;</subfield>
      <subfield code="c">25 Cm</subfield>
    </datafield>
    <datafield tag="084" ind1="#" ind2="#">
      <subfield code="a">410.07 MAR b</subfield>
    </datafield>
    <datafield tag="990" ind1="#" ind2="#">
      <subfield code="a">20705107</subfield>
    </datafield>
  </record>
</collection>
